The students simplified dictionary : words with more than one meaning

Bibliographic Details
Main Author: Mariam Hamid
Format: Book
Published: Kuala Lumpur : Iqra' Publications , 2005
Subjects:

MARC

LEADER 00000cam a2200000 7i4500
001 0000018652
005 20080611.0
008 080609
020 |a 9831461541 
090 0 0 |a 432   |b MAR 
100 1 |a Mariam Hamid 
245 1 4 |a The students simplified dictionary :   |b words with more than one meaning   |c Mariam Hamid 
260 |a Kuala Lumpur :   |b Iqra' Publications ,   |c 2005 
650 0 |a English language   |x dictionaries 
650 0 |a English Language   |x Usage   |x Dictionaries 
999 |a 0001012646   |b Book   |c Adult Collection   |e Cawangan AEON Kulaijaya 
999 |a 0001012649   |b Book   |c REFERENCE   |e Perbadanan Perpustakaan Awam Johor 
999 |a 0001012650   |b Book   |c REFERENCE   |e Perbadanan Perpustakaan Awam Johor